00696nam a2200229 a 450000100060000000300080000600500170001400800410003102000280007203500190010004000270011904100080014608200220015410000280017624500470020425000120025126000560026330000350031950400540035465000260040883000320043466323BD-RjUL20211209081526.0170315s2003 caua b 001 0 eng  a0761921303 (alk. paper) a(BD-RjUL)66453 aDLCcDLCdBD-RjULbeng aeng00a153223bKEC 20031 aKellogg, Ronald Thomas.10aCognitive psychology /cRonald T. Kellogg. a2nd ed. aThousand Oaks, Calif. :bSage Publications,cc2003. axxii, 525 p. :bill. ;c25 cm. aIncludes bibliographical references and indexes. 0aCognitive psychology. aAdvanced psychology texts ;